000 00622cam a2200205 4500500
005 20260405002345.0
041 _afre
042 _adc
100 1 0 _aPortevin, Catherine
_eauthor
245 0 0 _aLa vie des plantes : Une métaphysique du mélange
260 _c2017.
500 _a51
690 _aEmanuele Coccia
690 _aEnvironnement
690 _aMétaphysique
690 _aNature
690 _aPlante
786 0 _nPhilosophie magazine | 106 | 2 | 2017-02-01 | p. 37-37 | 1951-1787
856 4 1 _uhttps://shs.cairn.info/magazine-philosophie-magazine-2017-2-page-37?lang=fr&redirect-ssocas=7080
999 _c2056947
_d2056946